[Event "Czech Open A"]
[Site "Pardubice CZE"]
[Date "2009.07.24"]
[Round "1"]
[White "Karasek,L"]
[Black "Khanukov,B"]
[Result "1/2-1/2"]
[WhiteElo "2219"]
[BlackElo "2379"]

1.e4 c5 2.Nf3 Nc6 3.Bb5 g6 4.O-O Bg7 5.c3 Nf6 6.Re1 O-O 7.d4 cxd4 8.cxd4 a6
9.Bxc6 bxc6 10.Nc3 d6 11.h3 Rb8 12.Qc2 Nd7 13.Be3 Qa5 14.Rac1 Bb7 15.b3 Rfc8
16.Na4 Qd8 17.Qd3 a5 18.Rc2 Ra8 19.Rec1 Nb6 20.Nxb6 Qxb6 21.Nd2 a4 22.Nc4 Qd8
23.b4 Ba6 24.Qd2 Bb5 25.d5 cxd5 26.exd5 Rab8 27.a3 Qf8 28.Na5 Rxc2 29.Rxc2 e5
30.dxe6 fxe6 31.Rc7 Qd8 32.Qc2 d5 33.Nb7 Qf8 34.Bc5 Qf6 35.Bd6 d4 36.Rxg7+ Qxg7
37.Bxb8 Qxb7 38.Be5 Qd7 39.Qd2 d3 40.Bc3 Qc7 41.Qe1 Kf7 42.Qd2 Qc4 43.Qe1 Qd5
44.Qe3 e5 45.f3 Bc6 46.Qh6 Kg8 47.h4 Bd7 48.Qg5 Bf5 49.Qe7 Qe6 50.Qd8+ Kf7
51.Qc7+ Qe7 52.Qc4+ Qe6 53.Qc7+ Qe7 54.Qc4+ Qe6 55.Qc7+  1/2-1/2

[Event "ZMD Open"]
[Site "Dresden GER"]
[Date "2009.07.25"]
[Round "1"]
[White "Wahono,A"]
[Black "Friedrich,E"]
[Result "1-0"]
[WhiteElo "2399"]
[BlackElo "1852"]

1.e4 c5 2.Nf3 Nc6 3.Bb5 d6 4.O-O e5 5.d3 Be7 6.Nc3 Nf6 7.Bg5 O-O 8.a3 Be6
9.Bc4 Bxc4 10.dxc4 Nd4 11.Bxf6 Bxf6 12.Nd5 Be7 13.c3 Ne6 14.Qc2 Ng5 15.Nd2 h6
16.Rad1 Re8 17.Rfe1 Bf8 18.Nf1 Re6 19.Ng3 Rg6 20.f4 exf4 21.Nxf4 Qf6 22.Rf1 Ne6
23.e5 Qg5 24.Nxg6 fxg6 25.exd6 Rd8 26.Qe4 Re8 27.d7 Re7 28.Rd5 Nd8 29.Rxg5 Rxe4
30.Rxg6 Re7 31.Rd1  1-0

[Event "Quebec Open"]
[Site "Montreal CAN"]
[Date "2009.07.25"]
[Round "9"]
[White "Gunnarsson,J"]
[Black "Leveille,F"]
[Result "1/2-1/2"]
[WhiteElo "2462"]
[BlackElo "2261"]

1.e4 c5 2.Nf3 Nc6 3.Bb5 d6 4.O-O Bd7 5.Re1 a6 6.Bf1 Bg4 7.h3 Bh5 8.c3 Nf6
9.d3 e6 10.Na3 Be7 11.g4 Bg6 12.Nc4 b5 13.Ne3 Nd7 14.Nf5 O-O 15.Nxe7+ Qxe7
16.Bf4 Nb6 17.Bg3 f6 18.Nh4 Bf7 19.Bg2 Rac8 20.f4 Qd7 21.Qd2 Rfd8 22.Nf3 d5
23.Qf2 dxe4 24.dxe4 Na4 25.Bh4 c4 26.e5 Qe7 27.exf6 gxf6 28.Nd4 Nxd4 29.cxd4 Rd6
30.g5 Qa7 31.g6 Qxd4 32.gxf7+ Kxf7 33.Re2 c3 34.bxc3 Nxc3 35.Ree1 Ne2+ 36.Kh2 Qxf2
37.Bxf2 Nxf4 38.Be3 Nxg2 39.Kxg2 Rc2+ 40.Kf3 e5 41.Rec1 Rdc6 42.Rxc2 Rxc2
43.a4 bxa4 44.Rxa4 Rc6 45.Rh4 Kg6 46.Rg4+ Kf7 47.Bh6 f5 48.Rg7+ Kf6 49.Rxh7 Rc3+
50.Kg2 f4 51.Ra7 Rc2+ 52.Kf1 Ra2 53.h4 Kf5 54.Re7 Ra1+ 55.Ke2 Ra2+ 56.Kf1 Ra1+
57.Ke2  1/2-1/2

[Event "Quebec Open"]
[Site "Montreal CAN"]
[Date "2009.07.25"]
[Round "9"]
[White "Barbeau,S"]
[Black "Jancovic,P"]
[Result "0-1"]
[WhiteElo "2357"]
[BlackElo "2140"]

1.e4 c5 2.Nf3 Nc6 3.Bb5 e6 4.Bxc6 bxc6 5.d3 Ne7 6.Ng5 h6 7.Nh3 g6 8.O-O Bg7
9.c4 d6 10.f4 e5 11.f5 gxf5 12.Qh5 f4 13.g3 Qd7 14.Kg2 Qg4 15.Qxg4 Bxg4 16.Nc3 f3+
17.Rxf3 Bxf3+ 18.Kxf3 f5 19.Be3 Kd7 20.Ke2 Rab8 21.b3 Rhf8 22.Rg1 h5 23.exf5 Nxf5
24.Ne4 Nd4+ 25.Bxd4 cxd4 26.Nhg5 Bh6 27.Nf3 Be3 28.Rg2 Ke6 29.h3 Rg8 30.Ne1 Rg7
31.Nc2 d5  0-1

[Event "Czech Open A"]
[Site "Pardubice CZE"]
[Date "2009.07.25"]
[Round "2"]
[White "Kugler,F"]
[Black "Nun,Ji"]
[Result "0-1"]
[WhiteElo "2042"]
[BlackElo "2396"]

1.e4 c5 2.Nf3 Nc6 3.Bb5 Qc7 4.Nc3 e6 5.O-O Nf6 6.Re1 Be7 7.Bxc6 bxc6 8.e5 Nd5
9.Ne4 f5 10.Ng3 c4 11.b3 cxb3 12.axb3 c5 13.d3 Bb7 14.Bd2 Nb4 15.Nf1 O-O
16.h3 h6 17.Ng3 Bxf3 18.gxf3 f4 19.Nh5 Nc6 20.Nxf4 Bg5 21.Ra4 Kh7 22.Qe2 Rf5
23.h4 Bxf4 24.Bxf4 Raf8 25.Qe4 Kg8 26.Bg3 Rxf3 27.Re3 R3f7 28.f4 Nd4 29.Rc4 Nf5
30.Rf3 Qd8 31.Qe1 Nd4 32.Rf1 g5 33.Rxc5 gxf4 34.Qe4 Rg7 35.Qxd4 Rxg3+ 36.Kf2 Qxh4
37.Rg1 Kh8 38.Kf1 Qg4  0-1

[Event "ch-Euro Senior"]
[Site "Rogaska Slatina SLO"]
[Date "2009.07.25"]
[Round "4"]
[White "Rooze,J"]
[Black "Hocevar,N"]
[Result "1-0"]
[WhiteElo "2238"]
[BlackElo "2110"]

1.e4 c5 2.Nf3 Nc6 3.Bb5 Na5 4.O-O a6 5.Be2 e6 6.Re1 Nf6 7.Nc3 b5 8.e5 Nd5
9.Nxd5 exd5 10.d4 c4 11.Ng5 Be7 12.Nh3 d6 13.Nf4 O-O 14.Nxd5 Nc6 15.Bf3 Bb7
16.e6 fxe6 17.Rxe6 Bg5 18.Bxg5 Qxg5 19.c3 Rxf3 20.Qxf3 Nxd4 21.Nf6+ Kf7 22.Qxb7+ Kxe6
23.Qxa8 Ne2+ 24.Kf1  1-0

[Event "Continental ch-Americas"]
[Site "Sao Paulo BRA"]
[Date "2009.07.25"]
[Round "1"]
[White "Ueti,S"]
[Black "De Sousa,M"]
[Result "1-0"]
[WhiteElo "2228"]
[BlackElo "1817"]

1.e4 c5 2.Nf3 Nc6 3.Bb5 a6 4.Bxc6 dxc6 5.h3 Nf6 6.d3 e6 7.b3 b5 8.Qe2 Be7
9.Bb2 Bb7 10.Nbd2 O-O 11.g4 g6 12.O-O-O a5 13.Qe3 Ne8 14.h4 Nc7 15.Qh6 f6
16.Ng5 Rf7 17.Nxf7 Kxf7 18.Qxh7+ Ke8 19.Qxg6+ Kd7 20.g5 fxg5 21.hxg5 Qf8
22.Rh7 Re8 23.Rf7 Qg8 24.Qxg8 Rxg8 25.Bf6 Re8 26.g6  1-0

[Event "ZMD Open"]
[Site "Dresden GER"]
[Date "2009.07.26"]
[Round "2"]
[White "Kovalev,An"]
[Black "Guennigmann,L"]
[Result "1-0"]
[WhiteElo "2533"]
[BlackElo "1880"]

1.e4 c5 2.Nf3 Nc6 3.Bb5 g6 4.O-O Bg7 5.Re1 Nf6 6.e5 Nd5 7.Nc3 Nc7 8.Bxc6 dxc6
9.Ne4 Ne6 10.d3 O-O 11.Be3 b6 12.Qd2 Nd4 13.Nxd4 cxd4 14.Bh6 Be6 15.h4 Qd7
16.h5 f6 17.Bxg7 Kxg7 18.Qf4 Bf5 19.exf6+ exf6 20.Nd6 Be6 21.h6+ Kg8 22.Qxd4 Rad8
23.Qe3 Bxa2 24.Rxa2 Qxd6 25.Rxa7 c5 26.Qe7 Qxe7 27.Rexe7  1-0

[Event "zt 3.3"]
[Site "Ho Chi Minh City VIE"]
[Date "2009.07.26"]
[Round "5"]
[White "Nguyen Van Huy"]
[Black "Vo Thanh Ninh"]
[Result "1/2-1/2"]
[WhiteElo "2414"]
[BlackElo "2340"]

1.e4 c5 2.Nf3 Nc6 3.Bb5 g6 4.Bxc6 dxc6 5.d3 Bg4 6.Nbd2 Bg7 7.h3 Bxf3 8.Nxf3 Qd6
9.O-O e5 10.Nd2 Nf6 11.Nc4 Qe6 12.Qe2 O-O 13.a3 Nd7 14.b4 Rfe8 15.Be3 Bf8
16.bxc5 Nxc5 17.a4  1/2-1/2

[Event "ch-AUT"]
[Site "Jenbach AUT"]
[Date "2009.07.26"]
[Round "2"]
[White "Heinrich,T AUT"]
[Black "Kreisl,R"]
[Result "1/2-1/2"]
[WhiteElo "2165"]
[BlackElo "2422"]

1.e4 c5 2.Nf3 Nc6 3.Bb5 g6 4.O-O Bg7 5.c3 Nf6 6.Qe2 O-O 7.d4 cxd4 8.cxd4 d5
9.e5 Ne4 10.Bxc6 bxc6 11.Nbd2 Qb6 12.Qe3 c5 13.Nxe4 cxd4 14.Qxd4 Qxd4 15.Nxd4 dxe4
16.Bf4 Bb7 17.Ne2 Rac8 18.Rac1 Rfd8 19.Rxc8 Bxc8 20.Nc3 Bb7 21.Rd1 Rxd1+
22.Nxd1 f5 23.exf6 exf6 24.Be3 a6 25.Bd4 Kf7 26.Nc3 Bf8 27.Kf1 Bc6 28.g3 Ke6
29.Ke2 f5 30.h4 Be7 31.Be3 Bf6 32.Bf4 Bd4 33.Be3 Bf6 34.Bf4 Bd4 35.Be3 Be5
36.Bh6 Bd6 37.Be3 Bf8 38.Bf4 Bc5 39.Be3 Bf8 40.Bf4 h6 41.Kd2 Kf6 42.Be3 g5
43.hxg5+ hxg5 44.a3 Bh6 45.Bd4+ Ke6 46.b4 Bf8 47.Be3 Be7 48.Kc2 Ke5 49.Kb3 f4
50.gxf4+ gxf4 51.Bb6 Bh4 52.a4 e3 53.fxe3 f3 54.Bd4+ Ke6 55.Nd1 Kd5 56.b5 axb5
57.axb5 Bxb5 58.Nc3+ Ke6 59.e4 Bd3 60.Nd1 Bxe4 61.Bf2 Bf6 62.Ne3 Bd8 63.Nf1 Ke5
64.Nd2 Kf4 65.Nxf3 Kxf3 66.Bd4  1/2-1/2

[Event "2nd Open"]
[Site "Paleohora GRE"]
[Date "2009.07.26"]
[Round "7"]
[White "Kryvoruchko,Y"]
[Black "Timoshenko,G"]
[Result "1-0"]
[WhiteElo "2611"]
[BlackElo "2556"]

1.e4 c5 2.Nf3 Nc6 3.Bb5 d6 4.O-O Bd7 5.c3 Nf6 6.Re1 a6 7.Ba4 c4 8.Bc2 Qc7
9.b3 b5 10.Na3 Ne5 11.Nxe5 dxe5 12.bxc4 bxc4 13.Qe2 Rc8 14.d3 cxd3 15.Bxd3 e6
16.Rb1 Ra8 17.Bxa6 Bc5 18.Rb3 O-O 19.Bb5 Bc8 20.Bd3 Rd8 21.Nb5 Qc6 22.Ba3 Nd7
23.Bb4 Bf8 24.Bxf8 Kxf8 25.c4 Nc5 26.Rc3 Bb7 27.h3 f5 28.Bb1 fxe4 29.f3 Qb6
30.fxe4 Nxe4+ 31.Re3 Kg8 32.Kh2 Nc5 33.Qh5 Bc6 34.Qxe5 Bxb5 35.Rg3 Ra7 36.cxb5 Rf7
37.Rc1 Nd7 38.Qc7 Rb8 39.a4 Qf2 40.Rd1 Qb6 41.Qxb6 Nxb6 42.a5 Rd7 43.Rxd7 Nxd7
44.b6 Kf7 45.Rc3 Ke7 46.Rc7 Kd6 47.Bd3 e5 48.Bb5 Nxb6 49.Rc6+  1-0

[Event "Czech Open A"]
[Site "Pardubice CZE"]
[Date "2009.07.26"]
[Round "3"]
[White "Heidrich,Man"]
[Black "Schlosser,P"]
[Result "1/2-1/2"]
[WhiteElo "2368"]
[BlackElo "2560"]

1.e4 c5 2.Nf3 Nc6 3.Bb5 Nf6 4.Nc3 Qc7 5.O-O Nd4 6.Re1 a6 7.Bf1 e5 8.Nd5 Nxd5
9.exd5 Nxf3+ 10.Qxf3 d6 11.c3 Be7 12.d4 O-O 13.dxe5 dxe5 14.c4 f5 15.b3 Bd6
16.Qe2 Bd7 17.g3 Rae8 18.Bg2 e4 19.Bb2 Re7  1/2-1/2

[Event "Czech Open A"]
[Site "Pardubice CZE"]
[Date "2009.07.26"]
[Round "3"]
[White "Lanin,A"]
[Black "Kuchynka,Luk"]
[Result "1-0"]
[WhiteElo "2449"]
[BlackElo "2307"]

1.e4 c5 2.Nf3 Nc6 3.Bb5 Qb6 4.c4 e6 5.O-O Nge7 6.Nc3 a6 7.Ba4 g6 8.a3 Bg7
9.Rb1 O-O 10.b4 Nd4 11.Nxd4 cxd4 12.Ne2 d6 13.d3 Qc7 14.b5 d5 15.b6 Qc5 16.Bd2 Nc6
17.cxd5 exd5 18.Qb3 Bg4 19.Rfc1 Qe7 20.Bxc6 Bxe2 21.Bxd5 Be5 22.f4 Bd6 23.e5 Bc5
24.Rxc5 Qxc5 25.Bb4 Qxb6 26.Bxf8 Qxb3 27.Rxb3 Rxf8 28.Kf2 Bg4 29.Rxb7 Be6
30.Bxe6 fxe6 31.Kf3 Rc8 32.Re7 Rc3 33.Ke4 Rxa3 34.Rxe6 a5 35.g4 a4 36.Ra6 Ra1
37.Ra8+ Kf7 38.Ra7+ Kg8 39.e6 a3 40.Ke5  1-0

[Event "Continental ch-Americas"]
[Site "Sao Paulo BRA"]
[Date "2009.07.26"]
[Round "2"]
[White "Cori,J"]
[Black "Dias,Ande"]
[Result "1-0"]
[WhiteElo "2424"]
[BlackElo "2199"]

1.e4 c5 2.Nf3 Nc6 3.Bb5 g6 4.O-O Bg7 5.c3 Nf6 6.Re1 O-O 7.d3 d6 8.Nbd2 Bd7
9.Ba4 Rb8 10.Bc2 b5 11.d4 cxd4 12.cxd4 Nh5 13.Nf1 Bg4 14.Be3 Qd7 15.Rc1 Bxf3
16.gxf3 Rbc8 17.Ng3 Nxg3 18.hxg3 Nb4 19.Bb1 Rxc1 20.Qxc1 Rc8 21.Qd2 Nc6 22.Kg2 d5
23.e5 e6 24.Bg5 a6 25.Rh1 Qa7 26.Rh4 Qb6 27.Bf6 h5 28.Qg5 Bxf6 29.exf6 Kf8
30.Bxg6  1-0

[Event "Najdorf Mem Open"]
[Site "Warsaw POL"]
[Date "2009.07.26"]
[Round "9"]
[White "Warakomski,T"]
[Black "Brzeski,M"]
[Result "1/2-1/2"]
[WhiteElo "2491"]
[BlackElo "2361"]

1.e4 c5 2.Nf3 Nc6 3.Bb5 g6 4.Bxc6 dxc6 5.d3 Bg7 6.h3 Nf6 7.Nc3 Nd7 8.Be3 e5
9.Qd2 h6 10.O-O Qe7 11.Nh2 Nf8 12.f4 exf4 13.Rxf4 Ne6 14.Rf2 Nd4 15.Raf1 Be6
16.Ng4 O-O-O 17.e5 Bf5 18.Bxh6 Bxe5 19.Nxe5 Qxe5 20.Re1 Qc7 21.Bf4 Qd7 22.Ne4 Bxe4
23.Rxe4 f5 24.Re3 b6 25.Be5 Rhe8 26.c3 Nb5 27.Rfe2 Nc7 28.Rg3 Re6 29.Qh6 Rde8
30.d4 cxd4 31.cxd4 Nb5 32.Rd2 Nd6 33.Rc2 Nf7 34.Qd2 Qd5 35.Ra3 Kb7  1/2-1/2

[Event "14th Open"]
[Site "Creon FRA"]
[Date "2009.07.27"]
[Round "1"]
[White "Morley,S"]
[Black "Darrigues,A"]
[Result "0-1"]
[WhiteElo "1785"]
[BlackElo "2045"]

1.e4 c5 2.Nf3 Nc6 3.Bb5 g6 4.Bxc6 dxc6 5.d3 Bg7 6.Nfd2 Nf6 7.O-O O-O 8.f4 b6
9.Qf3 Ba6 10.Na3 Qc7 11.Nac4 Rad8 12.Rb1 Nd7 13.Ne3 b5 14.Kh1 c4 15.dxc4 Nc5
16.cxb5 Bxb5 17.Rd1 Ne6 18.e5 Bh6 19.g3 Nd4 20.Qf2 c5 21.Kg1 Ne2+ 22.Kg2 Qb7+
23.Kh3 Bd7+ 24.Kh4 Nd4 25.c3 Ne6 26.Ng4 Bg7 27.Nf3 h5 28.Ne3 Bc6 29.Rxd8 Rxd8
30.Ng5 Nxg5 31.fxg5 Be4 32.Nc2 Bxe5 33.Be3 Qd7  0-1

[Event "zt 3.3"]
[Site "Ho Chi Minh City VIE"]
[Date "2009.07.27"]
[Round "7"]
[White "Torre,E"]
[Black "Vo Thanh Ninh"]
[Result "1/2-1/2"]
[WhiteElo "2560"]
[BlackElo "2340"]

1.e4 c5 2.Nf3 Nc6 3.Bb5 g6 4.O-O Bg7 5.c3 a6 6.Bxc6 dxc6 7.d4 cxd4 8.cxd4 Bg4
9.Be3 Nf6 10.Nc3 O-O 11.h3 Bxf3 12.Qxf3 Nd7 13.Qd1 c5 14.dxc5 Bxc3 15.bxc3 Qc7
16.Rb1 Nxc5 17.Qd5 b6 18.Bxc5 Qxc5 19.Qxc5 bxc5 20.Rb7 Rab8 21.Rxe7 Rfd8
22.Rc7 Rd2 23.a3 Rb3 24.Rxc5 Rxa3 25.Rc4 Raa2 26.Rc6 Kg7 27.e5 Re2 28.e6 fxe6
29.Rc7+ Kh6 30.Rf7 e5 31.Rb1 Reb2 32.Rxb2 Rxb2 33.h4 Rc2 34.Rc7 g5 35.Rc5 gxh4
36.Rxe5 Rxc3 37.Re6+ Kg5 38.Rxa6 Rc1+ 39.Kh2 Rf1 40.Ra5+ Kg6 41.f3 h5  1/2-1/2

[Event "ch-AUT"]
[Site "Jenbach AUT"]
[Date "2009.07.27"]
[Round "3"]
[White "Mikulic,O"]
[Black "Kreisl,R"]
[Result "0-1"]
[WhiteElo "2004"]
[BlackElo "2422"]

1.e4 c5 2.Nf3 Nc6 3.Bb5 d6 4.h3 Bd7 5.O-O a6 6.Bxc6 Bxc6 7.e5 dxe5 8.Nxe5 Qd5
9.Nxc6 Qxc6 10.b3 Nf6 11.Bb2 e6 12.d3 Be7 13.Nd2 O-O 14.Re1 Rad8 15.Nc4 b5
16.Ne5 Qd5 17.Re3 Ne8 18.Ng4 f5 19.Ne5 Bf6 20.Qe2 Nc7 21.c4 Qd6 22.Rd1 bxc4
23.bxc4 Rb8 24.f4 a5 25.d4 Rfd8 26.Ba3 Na6 27.Red3 Nb4 28.Bxb4 Rxb4 29.d5 Bxe5
30.fxe5 Qa6 31.dxe6 Re8 32.Rd6 Qxc4 33.Qh5 g6 34.Qg5 Qh4 35.Qxh4 Rxh4 36.Rd8 Kf8
37.R1d7  0-1

[Event "2nd Open"]
[Site "Paleohora GRE"]
[Date "2009.07.27"]
[Round "8"]
[White "Glek,I"]
[Black "Vorobiov,E"]
[Result "1/2-1/2"]
[WhiteElo "2528"]
[BlackElo "2598"]

1.e4 c5 2.Nf3 Nc6 3.Bb5 e6 4.Bxc6 bxc6 5.d3 Ne7 6.Qe2 d5 7.O-O Ng6 8.c4 Bd6
9.e5 Bc7 10.Be3 d4 11.Bc1 f6 12.Nbd2 Nxe5 13.Nxe5 Bxe5 14.Ne4 O-O 15.f4 Bd6
16.Nxd6 Qxd6 17.Bd2 Bd7 18.Be1 Rae8  1/2-1/2

[Event "ZMD Open"]
[Site "Dresden GER"]
[Date "2009.07.28"]
[Round "4"]
[White "Kelbling,P"]
[Black "Bauer,Be"]
[Result "1/2-1/2"]
[WhiteElo "2080"]
[BlackElo "2006"]

1.e4 c5 2.Nf3 Nc6 3.Bb5 g6 4.O-O Bg7 5.c3 Nf6 6.Re1 O-O 7.d4 cxd4 8.cxd4 d5
9.e5 Ne4 10.Nc3 Nxc3 11.bxc3 Qa5 12.Qb3 Bg4 13.Ba3 Bxf3 14.gxf3 Qd8 15.Bxc6 bxc6
16.Qb7 Re8 17.e6 Bf6 18.Qxc6 Rc8 19.exf7+ Kxf7 20.Qe6+ Kg7 21.Re3 Qa5 22.Bc5 Rxc5
23.dxc5 Qxc5 24.Rd1 d4 25.cxd4 Bxd4 26.Re2 Bf6 27.Red2 Qg5+ 28.Qg4 Qa5 29.Qd7 Rb8
30.Re2 Qg5+ 31.Qg4 Qa5 32.Rde1 Rb7 33.Qc8 Rc7 34.Qg4 Qd5 35.Qf4 Rb7 36.Qe4 Qg5+
37.Kh1 Rd7 38.f4 Qc5 39.Rc2 Qa5 40.Rec1 Rd2 41.Rxd2 Qxd2 42.Rc2 Qd1+ 43.Kg2  1/2-1/2

[Event "ZMD Open"]
[Site "Dresden GER"]
[Date "2009.07.28"]
[Round "4"]
[White "Hentze,M"]
[Black "Ohme,M"]
[Result "1/2-1/2"]
[WhiteElo "2006"]
[BlackElo "2302"]

1.e4 c5 2.Nf3 Nc6 3.Bb5 d6 4.O-O Bd7 5.c3 Nf6 6.Re1 a6 7.Bxc6 Bxc6 8.d3 e6
9.Nbd2 Be7 10.Nf1 O-O 11.Ng3 b5 12.h3 Qc7 13.d4 Qb7 14.Bg5 h6 15.Bxf6 Bxf6
16.dxc5 dxc5 17.Qe2 Kh7 18.Qe3 Rac8 19.Nh5 Be7 20.Ne5 Be8 21.Ng3 Bd6 22.Ng4 f5
23.exf5 exf5 24.Ne5 c4 25.Ne2 Bxe5 26.Qxe5 Bc6 27.Nf4 Be4 28.f3 Bc6 29.Ne6 Rf6
30.Nd4 Qb6 31.Qf4 b4 32.Re7 bxc3 33.bxc3 Qb2 34.Qc1 Rb8 35.Qxb2 Rxb2 36.Ne6 Kh8
37.Rd1 Rb8 38.Nxg7 Bxf3 39.Re8+ Rxe8 40.Nxe8 Rg6 41.Rd2 Be4 42.Nd6 Rg3 43.Nxc4 Rxc3
44.Nd6 Bb1 45.Rb2 Bd3 46.Rf2 Rc5 47.Rd2 Bc2 48.Ne8 Kg8 49.Rd7 Rc6 50.Rd6 Rxd6
51.Nxd6 Kf8 52.Kf2 Ke7 53.Nc4 Ke6 54.Ke3 Kd5 55.Nd2 Kc5 56.a3 Kb5 57.Kd4 Bd1
58.Nc4 Be2 59.Nd6+ Ka4 60.Nxf5 Kxa3 61.Kc3 h5 62.g4 hxg4 63.hxg4 Bxg4 64.Ng3 Ka4
65.Kc4 a5  1/2-1/2

[Event "XXXV d'Esca Open"]
[Site "Sitges ESP"]
[Date "2009.07.28"]
[Round "7"]
[White "Cuartas,Ja"]
[Black "Oms Pallisse,J"]
[Result "1/2-1/2"]
[WhiteElo "2521"]
[BlackElo "2495"]

1.e4 c5 2.Nf3 Nc6 3.Bb5 d6 4.O-O Bd7 5.Re1 Nf6 6.c3 a6 7.Bf1 Bg4 8.d4 cxd4
9.cxd4 d5 10.e5 Ng8 11.Be3 e6 12.h3 Bxf3 13.Qxf3 Nge7 14.Nd2 Nf5 15.Nb3 Be7
16.Bd3 Nxe3 17.fxe3 O-O 18.Rac1 Qb6 19.Kh1 a5 20.Qe2 g6 21.Nc5 Rfc8 22.Na4 Qd8
23.Rf1 Nb4 24.Rxc8 Rxc8 25.Bb1 Bg5 26.Nc5 Qe7 27.e4 b6 28.Na4 dxe4 29.Bxe4 Nxa2
30.Nxb6 Rc1 31.Rxc1 Nxc1  1/2-1/2

[Event "zt 3.3"]
[Site "Ho Chi Minh City VIE"]
[Date "2009.07.29"]
[Round "9"]
[White "Nguyen Van Huy"]
[Black "Lo Kin Mun,D"]
[Result "1-0"]
[WhiteElo "2414"]
[BlackElo "2154"]

1.e4 c5 2.Nf3 Nc6 3.Bb5 d6 4.O-O Bd7 5.Re1 Nf6 6.h3 a6 7.Bf1 e5 8.c3 Be7
9.d4 O-O 10.a4 cxd4 11.cxd4 exd4 12.Nxd4 d5 13.Nxc6 Bxc6 14.e5 Ne4 15.Be3 Bb4
16.Re2 Re8 17.Bd4 Qg5 18.Nc3 Re6 19.Re3 Rae8 20.Ne2 Bd2 21.Rd3 Ba5 22.f4 Qe7
23.Be3 Nc5 24.Bxc5 Qxc5+ 25.Nd4 Rg6 26.Kh1 Qe7 27.Rc1 Bb6 28.Nxc6 bxc6 29.Rdc3 Qd7
30.Bxa6 d4 31.Rf3 Rh6 32.Bd3 Qd5 33.b4 Kh8 34.Qc2 Qd7 35.Be4 Qe7 36.Bxc6 Rc8
37.b5 Rd8 38.Qd2 Qa7 39.Qc2 Re6 40.Qc4 Re7 41.Rd1 Qa5 42.Ra3 h6 43.Qd3 Bc5
44.Ra2 Bb6 45.Qf5 Kg8 46.Be4 g6 47.Qg4 Kg7 48.Bd3 Qc3 49.Rc2 Qb3 50.Rc6 h5
51.Qe2 Ba5 52.f5 Rc7 53.Rxc7 Bxc7 54.fxg6 fxg6 55.Rc1 Qf7 56.Rc6 Qe7 57.Rxg6+ Kf8
58.Rf6+  1-0

[Event "ch-AUT"]
[Site "Jenbach AUT"]
[Date "2009.07.29"]
[Round "5"]
[White "Wallnoefer,H"]
[Black "Heinrich,T AUT"]
[Result "0-1"]
[WhiteElo "2066"]
[BlackElo "2165"]

1.e4 c5 2.Nf3 Nc6 3.Bb5 g6 4.O-O Nf6 5.d3 Bg7 6.Nc3 O-O 7.Be3 d6 8.Qd2 Bg4
9.Bxc6 bxc6 10.e5 Nd5 11.exd6 exd6 12.Ng5 Nxe3 13.Qxe3 d5 14.Qf4 Bf5 15.Nf3 Rb8
16.Rab1 c4 17.Qd2 cxd3 18.cxd3 Re8 19.Rfe1 Qa5 20.Rxe8+ Rxe8 21.b4 Qa6 22.Rd1 Rb8
23.Ne2 Qa3 24.Nfd4 Qxb4 25.Qxb4 Rxb4 26.Nxc6 Rb2 27.Ne7+ Kf8 28.Nxf5 gxf5
29.Nf4 Rxa2 30.Nxd5 Bd4 31.Ne3 f4 32.Nf5 Bxf2+ 33.Kf1 Be3 34.Nxe3 fxe3 35.Re1 e2+
36.Kf2 Ke7 37.Ke3 Kd6 38.Ke4 a5 39.g4 a4 40.Kd4 Rc2  0-1

[Event "ch-Euro Senior"]
[Site "Rogaska Slatina SLO"]
[Date "2009.07.29"]
[Round "8"]
[White "Kornath,H"]
[Black "Kamensek,I"]
[Result "1/2-1/2"]
[WhiteElo "1959"]
[BlackElo "1777"]

1.e4 c5 2.Nf3 Nc6 3.Bb5 g6 4.Bxc6 bxc6 5.h3 Bg7 6.d3 d6 7.c3 Nf6 8.O-O O-O
9.Re1 e5 10.Be3 Qe7 11.Qc1 Rd8 12.Bg5 Be6 13.d4 cxd4 14.cxd4 Qc7 15.Nc3 Rdc8
16.Qd2 exd4 17.Nxd4 Bd7 18.Rac1 Qb6 19.Nb3 Ne8 20.Bh6 Be6 21.Bxg7 Kxg7 22.Nd4 Bd7
23.Kh1 Nf6 24.f4 Re8 25.Nf3 Rad8 26.Qc2 Nh5 27.Qd2 f5 28.Na4 Qa6 29.Qd4+ Kh6
30.Ng5 Rf8 31.exf5 Ng3+ 32.Kh2 Nxf5 33.Qd1 Rde8 34.Nc3 d5 35.Qd2 Qb6 36.Rxe8 Rxe8
37.Nf7+ Kg7 38.Ne5 Re7 39.Re1 Qd4 40.Qc1 Qf2 41.Re2 Qg3+ 42.Kh1 Nd4 43.Re1 Bxh3
44.gxh3 Qxh3+ 45.Kg1  1/2-1/2

[Event "14th Open"]
[Site "Creon FRA"]
[Date "2009.07.30"]
[Round "6"]
[White "Colandrea,S"]
[Black "Martin de la Moutte,P"]
[Result "1-0"]
[WhiteElo "1901"]
[BlackElo "1637"]

1.e4 c5 2.Nf3 Nc6 3.Bb5 e6 4.O-O Nge7 5.Re1 a6 6.Bf1 e5 7.c3 d6 8.d4 cxd4
9.cxd4 Ng6 10.h3 f5 11.Nc3 f4 12.a4 Be7 13.Bc4 Nb8 14.Qb3 Nd7 15.Bf7+ Kf8
16.a5 Nh4 17.Nh2 Nf6 18.Bd2 g5 19.Na4 g4 20.Nb6 Rb8 21.Nxc8 Rxc8 22.Be6 gxh3
23.g3 Ng2 24.Rac1 Rb8 25.Red1 Nxe4 26.Bxh3 Nxd2 27.Rxd2 Qxa5 28.Qc3 Qxc3
29.bxc3 fxg3 30.fxg3 Ne3 31.Re1 exd4 32.cxd4 Nc4 33.Rf2+ Ke8 34.Rfe2 b5 35.Rxe7+ Kf8
36.Ra7 a5 37.Ng4 a4 38.Nf6 Nb6 39.Ree7  1-0

[Event "ZMD Open"]
[Site "Dresden GER"]
[Date "2009.07.30"]
[Round "6"]
[White "Breder,D"]
[Black "Boehm,Rob"]
[Result "1-0"]
[WhiteElo "2435"]
[BlackElo "2173"]

1.e4 c5 2.Nf3 Nc6 3.Bb5 g6 4.O-O Bg7 5.c3 e5 6.d4 cxd4 7.cxd4 exd4 8.Bf4 Nge7
9.Bd6 O-O 10.Nbd2 b6 11.Re1 Bb7 12.e5 h6 13.Bc4 a6 14.Ne4 b5 15.Bb3 Na5 16.Nf6+ Kh8
17.Nxd4 Nxb3 18.Nxb3 g5 19.Rc1 Rc8 20.Rxc8 Bxc8 21.Nc5 Ng6 22.Bxf8 Nxf8 23.Qd5 Ne6
24.Nxe6 fxe6 25.Qa8 Qc7 26.Qe4 Bxf6 27.exf6  1-0

[Event "ch-AUT"]
[Site "Jenbach AUT"]
[Date "2009.07.30"]
[Round "6"]
[White "Schweitzer,W"]
[Black "Neumeier,K"]
[Result "1-0"]
[WhiteElo "2022"]
[BlackElo "2344"]

1.e4 c5 2.Nf3 Nc6 3.Bb5 Nf6 4.Bxc6 dxc6 5.d3 Bg4 6.Nbd2 e6 7.h3 Bh5 8.Nf1 Nd7
9.Ng3 Bxf3 10.Qxf3 g6 11.O-O Bg7 12.Qe2 e5 13.Be3 Qe7 14.Qd2 h6 15.Rab1 a5
16.a4 Nf8 17.Ne2 Ne6 18.f4 exf4 19.Nxf4 Nd4 20.Ne2 Ne6 21.Nf4 Nf8 22.Qf2 Nd7
23.Qg3 O-O 24.h4 h5 25.Nh3 Ne5 26.Bg5 Qd7 27.Be3 b6 28.Nf2 Qe7 29.Bg5 Qe6
30.Bf4 Rad8 31.Kh1 c4 32.d4 Rxd4 33.Be3 c5 34.Bxd4 cxd4 35.b3 c3 36.Rbd1 Nc6
37.Rde1 Ne5 38.Rd1 Rd8 39.Qg5 Bf6 40.Qf4 Kg7 41.Rg1 Qe7 42.g3 Qe6 43.Kg2 Kh7
44.Rdf1 Rd7 45.Nd3 Ng4 46.e5 Qd5+ 47.Qf3 Ne3+ 48.Kh1 Qxf3+ 49.Rxf3 Bg7 50.Rf2 Re7
51.Re1 Bh6 52.Ree2 Ng4 53.Rf4 Bxf4 54.gxf4 Ne3 55.Kh2 Kg7 56.Kg3 f6 57.Kf3 fxe5
58.fxe5 Nf5 59.Rh2 Kf7 60.Ke4 Rd7 61.Nf4 Ng7 62.Rg2 d3 63.Nxd3 Nf5 64.e6+ Kxe6
65.Rxg6+ Kf7 66.Kxf5 Rd5+ 67.Ne5+ Rxe5+ 68.Kxe5 Kxg6 69.Ke6 Kg7 70.Kf5  1-0

[Event "ch-AUT"]
[Site "Jenbach AUT"]
[Date "2009.07.30"]
[Round "6"]
[White "Hartl,D"]
[Black "Pilaj,H"]
[Result "1-0"]
[WhiteElo "2249"]
[BlackElo "2357"]

1.e4 c5 2.Nf3 Nc6 3.Bb5 g6 4.O-O Bg7 5.Re1 Qa5 6.Bxc6 dxc6 7.d3 Bg4 8.Nbd2 Nf6
9.h3 Bxf3 10.Nxf3 Nd7 11.e5 Nf8 12.Re4 h6 13.Be3 Ne6 14.Nd2 Qc7 15.f4 h5
16.Qf3 Bh6 17.Rf1 Qd7 18.Nb3 b6 19.a4 a5 20.Nd2 Ng7 21.Nc4 Qc7 22.g4 hxg4
23.hxg4 Ne6 24.g5 Bg7 25.f5 gxf5 26.Qxf5 b5 27.Bxc5 O-O-O 28.Bb6 Qd7 29.axb5 cxb5
30.Bxd8 bxc4 31.Bb6 cxd3 32.Rc4+ Kb8 33.Qxd3 Qb7 34.Bxa5 Qh1+ 35.Kf2 Qh2+
36.Ke1 Qxe5+ 37.Kd1 Nc5 38.Qf3 Rc8 39.Rb4+ Ka7 40.Bb6+ Ka6 41.Qa3+  1-0

[Event "Brama Lubawska"]
[Site "Lubawka POL"]
[Date "2009.07.30"]
[Round "3"]
[White "Aliavdin,N"]
[Black "Zminda,B"]
[Result "1-0"]
[WhiteElo "2365"]
[BlackElo "2165"]

1.e4 c5 2.Nf3 Nc6 3.Bb5 g6 4.Bxc6 dxc6 5.d3 Bg7 6.h3 h6 7.e5 Be6 8.Nc3 Bd5
9.Bf4 Qc7 10.Nxd5 cxd5 11.Qe2 e6 12.O-O Ne7 13.c4 O-O-O 14.Rfc1 Nc6 15.a3 dxc4
16.dxc4 Nd4 17.Nxd4 Rxd4 18.Bg3 Rhd8 19.b4 Rd2 20.Qe1 R2d4 21.Rab1 Rd3 22.Rc3 R8d4
23.bxc5 Bf8 24.Rxd3 Rxd3 25.a4 Bxc5 26.Kh2 Qd7 27.Rb5 b6 28.a5 Rd4 29.axb6 axb6
30.Qe2 h5 31.h4 g5 32.Qxh5 gxh4 33.Bxh4 Rxc4 34.Rb3 Qa4 35.Rh3 Rf4 36.Bg3 Rf5
37.Qe2 Kb7 38.Rh4 Qc6 39.Qa2 Qd5 40.Qc2 Be7 41.Rh8 Bd8 42.f4 Bc7 43.Qa4 Bd8
44.Qe8 Kc7 45.Bh4 Rxf4 46.Bxd8+ Kb7 47.Bg5 Ra4 48.Qc8+ Ka7 49.Qb8+ Ka6 50.Qa8+ Kb5
51.Qxd5+ exd5 52.Rd8 Kc4 53.Rd7 Kd4 54.Bf6 Ke4 55.Rxf7 Kf5 56.Rd7 d4 57.Rd6 b5
58.Kg3 Ra3+ 59.Kf2 Ra2+ 60.Kf3 Ra3+ 61.Ke2 Ke4 62.e6 d3+ 63.Kf2 d2 64.e7 Ra8
65.Rxd2  1-0

[Event "MTO"]
[Site "Biel SUI"]
[Date "2009.07.31"]
[Round "11"]
[White "Nezad,H"]
[Black "Hausrath,D"]
[Result "1/2-1/2"]
[WhiteElo "2406"]
[BlackElo "2519"]

1.e4 c5 2.Nf3 Nc6 3.Bb5 Nf6 4.Bxc6 dxc6 5.d3 g6 6.h3 Bg7 7.Nc3 Nd7 8.Be3 e5
9.Qd2 h6 10.a3 Qe7 11.O-O a5 12.Nh2 a4 13.Rae1 Nf8 14.f4 exf4 15.Bxf4 Ne6
16.e5 Nxf4 17.Qxf4 Be6 18.Ne4 O-O-O 19.Nd6+ Kb8 20.Qxa4 Bxe5 21.Nxf7 Rd4
22.Qa5 Bxh2+ 23.Kxh2 Rf8 24.Rxe6 Qxe6 25.Qxc5 Rxf7 26.Rxf7 Qxf7 27.Qxd4 Qc7+
28.Kg1 Qe7 29.Kf2 Qf7+ 30.Ke3 g5 31.Qh8+ Ka7 32.Qxh6 Qf4+ 33.Ke2 Qc1 34.Qf6 Qxc2+
35.Ke1 Qxd3 36.Qxg5 Qb1+ 37.Ke2 Qxb2+ 38.Qd2 Qb5+ 39.Qd3 Qb2+ 40.Kf3 Qf6+
41.Ke3 c5 42.g4 Qe5+ 43.Kf3 Qf6+ 44.Kg3 Qe5+ 45.Kf3 Qf6+ 46.Kg3 Qe5+ 47.Kg2 Qb2+
48.Kg3  1/2-1/2